000 00861nam a2200289Ia 4500
003 OSt
005 20220918163525.0
006 a|||||r|||| 00| 0
007 ta
008 220917b |||||||| |||| 00| 0 eng d
020 _a0070499357 (pbk)
024 _a235,145
037 _cTextual
040 _aARTS
_cARTS
_beng
041 _2eng
_aeng
082 _aD65,8(B):71, P3
100 _aForouzan Behrouz A.
_913531
245 0 _aData communications and networking
250 _a2nd
260 _aNew Delhi
_bTata McGraw - Hill Publishing Company Limited
_c2003
300 _axxxii, 944p.
_ccm.
650 _aENGINEERING
_92968
700 _a Coombs Catheine
_913532
700 _a Fegan Sophia Chung
_913533
942 _hD65,8(B):71, P3
_cTEXL
_2CC
999 _c119922
_d119922